00254nam a22001097a 4500082001200000100003200012245002200044250000800066260002700074300000900101650003400110 a547 FIE aFieser,Louis.FaFieser,Mary aOrganic Chemistry a3ed aLondonbReinholdc1956 a1112 achemistry,aorganic chemistry